MARC

Tag First Indicator Second Indicator Subfields
LEADER 00000cam a22000001i 4500
001 in00004033765
006 m |o d |
007 cr |n|||||||||
008 170105s2015 enka ob 000 0 eng d
005 20260612162217.7
020 |a 9781782978763 (electronic bk.) 
020 |a 1782978763 (electronic bk.) 
020 |z 9781782978756 
020 |z 1782978755 
024 8 |a 99976832722 
035 |a (NhCcYBP)ybp13308345 
040 |a NhCcYBP  |c NhCcYBP  |d UtOrBLW 
043 |a e-uk--- 
050 4 |a HC260.C6  |b L53 2015 
082 0 4 |a 339.4/7094109034  |2 23 
100 1 |a Licence, Tom.  |0 http://id.loc.gov/authorities/names/nb2011003309 
245 1 0 |a What the Victorians threw away /  |c Tom Licence. 
264 1 |a Oxford ;  |a Philadelphia :  |b Oxbow Books,  |c [2015] 
300 |a 1 online resource. 
336 |a text  |b txt  |2 rdacontent 
337 |a computer  |b c  |2 rdamedia 
338 |a online resource  |b cr  |2 rdacarrier 
504 |a Includes bibliographical references. 
505 0 |a Introduction -- Labourers' cottages in Kent -- A postman's rubbish in Shropshire -- A Norfolk rectory -- Conclusions. 
588 |a Description based on print version record. 
500 |a Electronic resource. 
650 0 |a Consumption (Economics)  |z Great Britain  |x History  |y 19th century. 
650 0 |a Consumer behavior  |z Great Britain  |x History  |y 19th century. 
650 0 |a Packaging waste  |x Environmental aspects  |z Great Britain. 
650 0 |a Refuse and refuse disposal  |z Great Britain  |x History. 
651 0 |a Great Britain  |x Social life and customs.  |0 http://id.loc.gov/authorities/subjects/sh85056946 
655 7 |a Electronic books.  |2 local 
710 2 |a EBSCOhost. 
776 1 8 |i Online version:  |a Licence, Tom.  |t What the Victorians threw away.  |d Oxford ; Philadelphia : Oxbow Books, [2015]  |z 9781782978763  |w (DLC) 2015016925 
776 1 8 |c Original  |z 9781782978756  |z 1782978755  |w (DLC) 2015008559 
856 4 0 |u http://proxy.library.tamu.edu/login?url=https://search.ebscohost.com/login.aspx?direct=true&scope=site&db=nlebk&db=nlabk&AN=1440303  |z Connect to the full text of this electronic book  |t 0 
955 |a YBP purchased EBSCO DDA e-records 
999 f f |s a97d2be0-fdac-3e66-b992-4a3a9acb1cf6  |i d74cbab0-872d-35aa-bdf2-a980467def60  |t 0 
952 f f |a Texas A&M University  |b College Station  |c Electronic Resources  |s www_evans  |d Available Online  |t 0  |e HC260.C6 L53 2015  |h Library of Congress classification 
998 f f |a HC260.C6 L53 2015  |t 0  |l Available Online